000 00428nam a2200157 4500
001 113563
003 ES-MaACL
007 t|
008 061121s1967 sp r ||||1| spa d
100 0 _aNoel, Eugenio,
_d1885-1936
_985823
245 1 0 _aEspaƱa fibra a fibra /
_cEugenio Noel.
260 _aMadrid :
_bTaurus,
_c1967.
300 _a192 p. ;
_c18 cm.
852 _aES-MaACL
_jE-6179
_bR.90708
999 _c113563
_d113563